Taming the Wild Horse of Shadow Education : The Global Expansion of Private Tutoring and Regulatory Responses.

Zhang analyses the phenomenon of private supplementary tutoring from a global perspective, juxtaposing countries with strong regulations with counterparts having weak or no regulations.

Bibliographic Details
Main Author: Zhang, Wei.
Format: eBook
Language:English
Published: Milton : Taylor & Francis Group, 2023.
Edition:1st ed.
Subjects:
Online Access:Click to View
LEADER 02372nam a22003853i 4500
001 EBC7245647
003 MiAaPQ
005 20231204023229.0
006 m o d |
007 cr cnu||||||||
008 231204s2023 xx o ||||0 eng d
020 |a 9781000885477  |q (electronic bk.) 
020 |z 9781032331553 
035 |a (MiAaPQ)EBC7245647 
035 |a (Au-PeEL)EBL7245647 
035 |a (OCoLC)1378935711 
040 |a MiAaPQ  |b eng  |e rda  |e pn  |c MiAaPQ  |d MiAaPQ 
082 0 |a 371.39/4 
100 1 |a Zhang, Wei. 
245 1 0 |a Taming the Wild Horse of Shadow Education :  |b The Global Expansion of Private Tutoring and Regulatory Responses. 
250 |a 1st ed. 
264 1 |a Milton :  |b Taylor & Francis Group,  |c 2023. 
264 4 |c Ã2023. 
300 |a 1 online resource (171 pages) 
336 |a text  |b txt  |2 rdacontent 
337 |a computer  |b c  |2 rdamedia 
338 |a online resource  |b cr  |2 rdacarrier 
505 0 |a Cover -- Half Title -- Title Page -- Copyright Page -- Author's notes -- Contents -- Illustrations -- List of Boxes -- List of Abbreviations -- Executive Summary -- Foreword by Mark Bray -- Introduction -- PART I: A Global Framework -- 1. Conceptual Framework -- 2. What Needs to Be Regulated, Why and How? -- PART II: Five Country Studies -- 3. Japan: Changing Dynamics of Regulation and Self-Regulation -- 4. China: Strong State Confronting Strong Market -- 5. India: Diversity in a Decentralised System -- 6. Egypt: Teachers as Tutors -- 7. Denmark: Students as Tutors -- PART III: Conclusions -- 8. Learning from Comparing -- Appendix -- References -- Index. 
520 |a Zhang analyses the phenomenon of private supplementary tutoring from a global perspective, juxtaposing countries with strong regulations with counterparts having weak or no regulations. 
588 |a Description based on publisher supplied metadata and other sources. 
590 |a Electronic reproduction. Ann Arbor, Michigan : ProQuest Ebook Central, 2023. Available via World Wide Web. Access may be limited to ProQuest Ebook Central affiliated libraries.  
655 4 |a Electronic books. 
776 0 8 |i Print version:  |a Zhang, Wei  |t Taming the Wild Horse of Shadow Education  |d Milton : Taylor & Francis Group,c2023  |z 9781032331553 
797 2 |a ProQuest (Firm) 
856 4 0 |u https://ebookcentral.proquest.com/lib/matrademy/detail.action?docID=7245647  |z Click to View